Grenzziehung zwischen Patient und Straftäter

Guardado en:  
Detalles Bibliográficos
Autor principal: Nedopil, Norbert 1947- (Autor)
Tipo de documento: Print Artículo
Lenguaje:Alemán
Publicado: 2000
En: Neue juristische Wochenschrift
Año: 2000, Volumen: 53, Número: 12, Páginas: 837 - 840
Verificar disponibilidad: HBZ Gateway
Palabras clave:

MARC

LEADER 00000caa a22000002c 4500
001 1659752981
003 DE-627
005 20220609140711.0
007 tu
008 000321s2000 xx ||||| 00| ||ger c
035 |a (DE-627)1659752981 
035 |a (DE-576)08403985X 
035 |a (DE-599)BSZ08403985X 
040 |a DE-627  |b ger  |c DE-627  |e rakwb 
041 |a ger 
100 1 |a Nedopil, Norbert  |d 1947-  |0 (DE-588)131981315  |0 (DE-627)515521183  |0 (DE-576)171795857  |4 aut 
109 |a Nedopil, Norbert 1947-  |a Nedopil-Rüther, Norbert 1947- 
245 1 0 |a Grenzziehung zwischen Patient und Straftäter  |c Norbert Nedopil 
264 1 |c 2000 
300 |a H. 12, S. 837 - 840 
336 |a Text  |b txt  |2 rdacontent 
337 |a ohne Hilfsmittel zu benutzen  |b n  |2 rdamedia 
338 |a Band  |b nc  |2 rdacarrier 
773 0 8 |i In  |t Neue juristische Wochenschrift  |d München : Beck, 1947  |g 53(2000), 12, Seite 837 - 840  |w (DE-627)129457922  |w (DE-600)200146-9  |w (DE-576)01482132X  |x 0341-1915  |7 nnas 
773 1 8 |g volume:53  |g year:2000  |g number:12  |g pages:837 - 840 
935 |a mkri 
951 |a AR 
ELC |b 1 
LOK |0 000 xxxxxcx a22 zn 4500 
LOK |0 001 3410898972 
LOK |0 003 DE-627 
LOK |0 004 1659752981 
LOK |0 005 20250908153006 
LOK |0 008 160208||||||||||||||||ger||||||| 
LOK |0 040   |a DE-21-110  |c DE-627  |d DE-21-110 
LOK |0 689   |a s  |a Forensische Psychiatrie 
LOK |0 689   |a s  |a Krankheitsbegriff 
LOK |0 852   |a DE-21-110 
LOK |0 852 1  |m p  |9 00 
LOK |0 935   |a k110 
LOK |0 938   |k p 
LOK |0 939   |a 08-02-16  |b l01 
ORI |a SA-MARC-krimdoka001.raw